| 000 | 00495cam a2200193ua 4500 | ||
|---|---|---|---|
| 001 | 10083 | ||
| 008 | 160229n2004 II |||gr||||Z||||||eng | ||
| 040 | _aMAIN | ||
| 041 | _aEnglish | ||
| 082 | _a370 PAL | ||
| 100 | _aPAL ,DR. P . | ||
| 245 | _aGUIDE TO PRINCIPLES OF EDUCATION TDC (1+1+1) COURSE /1st PAPER | ||
| 250 | _a1ST. | ||
| 260 |
_aKOLKATA _bBHAWANI PUBLISHING HOUSE _c2004 |
||
| 300 |
_a(1--P.): _c20CM. |
||
| 653 | _aEducation | ||
| 700 |
_aPAL ,DR. P ., _eAuthor. |
||
| 942 | _cBK | ||
| 999 |
_c10054 _d10054 |
||